00281 a2200109 450000500170000002000180001708400160003510000190005124500420007026000490011230000100016120260701162334.0 a9781647404994 2CCa F9G  aBRYANT, Jordan a Latest developments in Biotechnology bSyrawood publishing house, c2025,aNew York a235p.